00500nam a2200121Ia 4500008004100000082001700041100002100058245012200079260007800201300001100279500003900290650004900329120622s9999 xx 000 0 und d a862.72 N799t aNomland, John B. aTeatro mexicano contemporáneo, 1900-1950 / John B. Nomland ; tr. Paloma Gorostiza de Zozaga y Luis Reyes de la Maza aMéxico : Instituto Nacional de Bellas Artes, Departamento de Literatura a337 p. aIncluye bibliografía e índices a1. TEATRO MEXICANO - HISTORIA - 1900-1950Ì